[Event "Chinese-ch Men 2020"]
[Site "Xinghua"]
[Date "2020.12.19"]
[Round "1.1"]
[White "Lin, Yi"]
[Black "Xu, Xiangyu"]
[Result "0-1"]
[WhiteElo "2408"]
[BlackElo "2573"]
[Annotator "TA"]
[PlyCount "101"]
[EventDate "2020.12.19"]
[EventType "tourn"]
[EventCountry "CHN"]
[SourceTitle "playchess.com"]
[Source "ChessBase"]
[SourceQuality "1"]

{[%evp 20,101,0,-18,-5,-10,2,0,0,0,0,0,0,0,35,23,64,0,0,0,0,0,0,0,0,0,0,0,0,-1,0,0,0,0,0,0,0,-21,-19,-19,-19,-19,-21,-20,-18,-14,-14,-14,-16,-14,-10,-69,-70,-46,-40,-50,-54,-75,-72,-82,-66,-143,-170,-789,-779,-752,-627,-1245,-927,-29956,-29957,-29965,-29966,-29966,-29962,-1672,-29962,-29979,-29980,-29981,-29982,-29982,-29983,-29983]} 1. d4 Nf6 2. c4 e6 3. Nc3 Bb4 4. e3 c5 5. Bd3 Nc6 6. Nge2 d5 7. a3 cxd4 8. exd4 dxc4 9. Bxc4 Be7 10. O-O O-O 11. Bg5 h6 $5 {[%mdl 4] Leaves trodden paths. E48: Nimzo-Indian: Rubinstein: 5 Bd3 d5 including 6 Ne2, but excluding 6 a3.} 12. Bh4 b6 13. Qd3 Bb7 {The position is equal.} 14. Rad1 Nh5 {[#]} 15. Bxe7 $146 ({Predecessor:} 15. Bg3 Nxg3 16. hxg3 Bf6 17. Ba6 Bxa6 18. Qxa6 Nxd4 19. Nxd4 Bxd4 20. Ne2 e5 21. Nxd4 exd4 {½-½ (29) Suleymanli,A (2334)-Simantsev,M (2395) Marmaris 2019}) 15... Qxe7 16. Ba2 Rad8 17. d5 Qh4 18. Qc4 (18. Qb5 $14 Ne5 19. h3) 18... Qxc4 $11 19. Bxc4 Ne5 20. Ba2 exd5 21. Bxd5 Ba6 22. b4 Nf6 {White must now prevent ...Bxe2.} 23. Bb3 Rfe8 24. Rxd8 Rxd8 25. Rd1 $1 {[%cal Rd1d8]} Rxd1+ 26. Bxd1 Nc4 27. a4 Nb2 28. Bc2 Bxe2 29. Nxe2 {[%mdl 4096] Endgame KBN-KNN} Nd5 30. b5 Nb4 31. Bb3 N4d3 32. Nd4 Nc5 33. Bc2 Nbxa4 34. Nc6 Kf8 35. f3 (35. Kf1 $11) 35... Ke8 $15 36. Nxa7 Kd7 37. Kf2 Nc3 38. Ke3 {[#]} Nd5+ $1 39. Kd4 Ne7 40. Be4 ({Better is} 40. Bb1 $15) 40... Nxe4 $17 41. fxe4 $2 {KN-KN} (41. Kxe4 f6 42. g4) 41... f6 $19 42. e5 Kc7 43. h4 {[#]} Kb7 $1 {[%cal Rb7a7]} 44. exf6 gxf6 45. Nc6 Nxc6+ {KN-K3P} 46. Kd5 Na7 47. Ke6 Nxb5 48. Kxf6 {Black mates.} Nd6 49. g4 b5 50. Ke5 Kc6 51. Kd4 {Weighted Error Value: White=0.53/Black=0.02} 0-1

[Event "Chinese-ch Men 2020"]
[Site "Xinghua"]
[Date "2020.12.19"]
[Round "1.2"]
[White "Bai, Jinshi"]
[Black "Huang, Renjie"]
[Result "1/2-1/2"]
[WhiteElo "2618"]
[BlackElo "2422"]
[Annotator "TA"]
[PlyCount "84"]
[EventDate "2020.12.19"]
[EventType "tourn"]
[EventCountry "CHN"]
[SourceTitle "playchess.com"]
[Source "ChessBase"]
[SourceQuality "1"]

{[%evp 13,84,8,8,9,9,10,8,8,9,12,6,14,20,24,45,21,45,36,44,20,26,25,32,32,41,29,60,66,79,40,78,68,70,82,83,70,125,64,66,57,70,68,96,61,92,83,99,81,80,67,90,88,87,89,84,2,2,0,0,0,0,0,8,7,7,0,0,0,0,0,0,0,0]} 1. d4 d5 2. c4 c6 3. cxd5 cxd5 4. Bf4 Nf6 5. Nc3 Nc6 6. e3 Bf5 7. Qb3 Na5 $1 {[%cal Ra5b3]} 8. Qa4+ {D10: Slav Defence: 3 cxd5 (without early Nf3) and 3 Nc3.} Bd7 9. Qc2 {White wants to play Nb5.} e6 10. Bd3 Be7 {10...Bb4 is setting a new trend.} 11. Nf3 Rc8 12. h3 O-O 13. O-O h6 14. Ne5 Nc6 15. Qe2 {[#]} Bb4 $146 ({Predecessor:} 15... Be8 16. Rac1 Nd7 17. Nxc6 Rxc6 18. e4 Bg5 19. Bxg5 Qxg5 20. f4 Qe7 21. exd5 Rd6 {1-0 (117) Goltseva,E (2317)-Afonasieva,A (2312) Sochi 2019}) 16. Rac1 (16. Rfc1 {looks sharper.} Nxe5 17. Bxe5 a6 18. a3 Be7 19. Rc2) 16... Nxe5 17. dxe5 Bxc3 18. bxc3 {[%cal Bb2c3,Bc3c4][%mdl 32]} Ne4 19. c4 Qa5 20. Qg4 {Threatens to win with Bxh6.} Kh8 21. Qh4 Kg8 {[#]} ({Don't blunder} 21... Qxa2 $2 22. Bxh6 $1 {[%mdl 512]} gxh6 23. Qxh6+ Kg8 24. f3 $18) 22. f3 $1 {[%cal Rf3e4]} Nc5 23. Bb1 Qd8 24. Qh5 d4 (24... Na4 $14) 25. Qg4 ({Don't play} 25. exd4 $6 Be8 $11) (25. Rcd1 $16 {Bxh6! is the strong threat.} d3 26. Bxd3) 25... f5 $14 26. exf6 $1 Qxf6 27. Qg3 {Strongly threatening Be5.} dxe3 28. Bxe3 e5 29. Rfd1 {aiming for Bxc5.} Be6 30. Rd6 b6 31. Rcd1 Kh8 32. Bxc5 Rxc5 33. Be4 {Hoping for Bd5.} Qf7 34. a3 (34. Rd8 $16 Qg8 35. Qh4) 34... Bf5 $11 {The position is equal.} 35. Bxf5 (35. R1d5 {is interesting.} Bxe4 36. Rxc5 bxc5 37. fxe4 Qxc4 38. Qxe5 Qc1+ 39. Kh2) 35... Qxf5 36. R6d5 Qf4 37. Qxf4 Rxf4 38. Rxc5 bxc5 {KR-KR} 39. Rd5 Rxc4 40. Rxe5 Rc3 41. a4 Ra3 42. Rxc5 {Black must now prevent Ra5.} Rxa4 {Accuracy: White = 84%, Black = 88%.} 1/2-1/2

[Event "Chinese-ch Men 2020"]
[Site "Xinghua"]
[Date "2020.12.19"]
[Round "1.3"]
[White "Wei, Yi"]
[Black "Ju, Wenjun"]
[Result "1/2-1/2"]
[WhiteElo "2732"]
[BlackElo "2560"]
[Annotator "TA"]
[PlyCount "119"]
[EventDate "2020.12.19"]
[EventType "tourn"]
[EventCountry "CHN"]
[SourceTitle "playchess.com"]
[Source "ChessBase"]
[SourceQuality "1"]

{[%evp 9,119,-6,8,8,0,8,0,-31,-10,-20,14,-81,-59,-62,-56,-84,-65,-65,-47,-48,-44,-54,-51,-122,-102,-107,-107,-113,-118,-129,-116,-121,-112,-97,-71,-114,-55,-55,-55,-97,-80,-120,-114,-124,-125,-100,-69,-140,-140,-140,-140,-140,-133,-133,-125,-128,-65,-66,-73,-79,-82,-118,-126,-171,-162,-164,-158,-156,-155,-147,-106,-106,-106,-106,-106,-107,-96,-83,-73,-154,-148,-153,-111,-147,-29,-51,-64,-218,-216,-214,-214,-211,-156,-207,-111,-157,-104,-108,0,0,0,0,0,0,0,0,0,0,0,0,0,0]} 1. Nf3 d5 2. c4 d4 3. b4 c5 4. g3 cxb4 5. a3 bxa3 6. Bg2 {A09: Réti Opening: 1 Nf3 d5 2 c4.} Nc6 7. O-O {seems to push 7.Bxa3 aside.} e5 8. Qa4 {White wants to play Nxe5.} Bd7 9. d3 Nf6 {[#]} 10. Bg5 $146 (10. Bxa3 $11 {remains equal.} Qc7 11. Bxf8 Kxf8 12. Qa3+ Kg8 13. Nbd2) ({Predecessor:} 10. Bxa3 Be7 11. Bxe7 Qxe7 12. Qa3 a6 13. Nbd2 Qxa3 14. Rxa3 O-O 15. Rb1 Rab8 16. Rab3 {0-1 (44) Herrera Reyes,J (2304)-Cornette,M (2556) chess.com INT 2020}) 10... Be7 11. Nxa3 O-O 12. Nd2 a6 13. Bxf6 Bxf6 14. Rfb1 Rb8 15. c5 Be7 16. Ne4 (16. Nb3 $1 $15) 16... Na5 $36 {[%mdl 2048] Black is on the roll.} 17. Qc2 Qc7 18. Nc4 Nxc4 19. Qxc4 Rfc8 20. Qb4 h6 21. h4 Bc6 22. Rc1 Bxe4 ({Black should play} 22... Qd7 $17 23. Qb6 g6) 23. Bxe4 $15 Bxc5 24. Qa4 Qd8 25. Rab1 Bd6 26. Rd1 Rc7 27. Qa5 Qd7 28. Rd2 (28. Rdc1 $15) 28... Qc8 $17 29. Ra2 Rc1+ 30. Rxc1 Qxc1+ 31. Kg2 Qc7 32. Qa4 h5 ({Black should try} 32... Bc5 $17 33. h5 Kf8) 33. Rc2 $15 Qd8 34. Rb2 Qe7 35. Qc4 b5 36. Qc6 Ba3 37. Rc2 Qd6 38. Qxd6 Bxd6 $17 {[%mdl 4096] Endgame KRB-KRB} 39. Rc6 Bf8 40. Bd5 Rd8 41. Ba2 Rd6 $1 {[%cal Rd6c6]} 42. Rc5 Rb6 43. Rxe5 g6 44. Re4 (44. Re8 $142) 44... a5 45. Rxd4 Rb7 46. Rd8 a4 (46... b4 $17 {...b3 is the strong threat.} 47. Bb3 a4 $1 {[%mdl 512]} 48. Bxa4 b3) 47. Ra8 $11 a3 48. Kf3 $2 {[#]} (48. Ra6 $15) 48... b4 $1 $19 {[%cal Rb4b3] And now ...b3 would win.} 49. Bb3 Rc7 50. Rb8 Kg7 51. Rb5 (51. Kg2 $17) 51... Bc5 (51... Rc3 $19 52. Ba2 Rc2) 52. e3 Be7 (52... Bd6 $142 53. Bd5 Rc3) 53. Bd5 $17 {[#]} Kf8 ({Better is} 53... Rc3 $1 $17 {White must now prevent ...b3.} 54. Rb7 Rxd3) 54. Rb8+ $1 $11 {The position is equal.} Kg7 55. d4 Rd7 56. Bb3 Rc7 57. Bd5 $1 Ra7 {Threatens to win with ...a2.} 58. Ba2 Rc7 59. Bd5 Ra7 {Strongly threatening ...a2.} 60. Ba2 {Whites escaped into a draw.  Weighted Error Value: White=0.18/Black=0.18} 1/2-1/2

[Event "Chinese-ch Men 2020"]
[Site "Xinghua"]
[Date "2020.12.19"]
[Round "1.4"]
[White "Lu, Shanglei"]
[Black "Zhang, Rui"]
[Result "1-0"]
[WhiteElo "2615"]
[BlackElo "1658"]
[Annotator "TA"]
[PlyCount "111"]
[EventDate "2020.12.19"]
[EventType "tourn"]
[EventCountry "CHN"]
[SourceTitle "playchess.com"]
[Source "ChessBase"]
[SourceQuality "1"]

{[%evp 13,111,43,46,29,46,43,46,46,51,52,84,76,79,79,120,116,126,116,131,130,135,132,162,163,158,156,160,154,189,179,193,187,326,356,356,347,331,318,325,333,420,429,468,465,510,537,508,505,562,583,581,570,569,559,552,543,590,579,569,554,600,599,718,713,925,831,880,848,848,839,817,774,1095,1032,1043,961,1050,943,921,900,866,845,819,799,1094,1217,2120,2116,2060,1953,2442,2384,1777,1658,29986,29987,29987,29988,29982,29983]} 1. e4 e5 2. Bc4 Nf6 3. d3 Nc6 4. Nf3 Be7 5. O-O O-O 6. Re1 d6 7. a4 Bg4 8. h3 {C55: Two Knights: 4 d3, 4 d4 exd4 5 e5 and Max Lange Attack.} Bh5 9. c3 Na5 10. Ba2 {White is slightly better.} c5 11. Nbd2 {[%cal Bb1d2,Bd2f1,Bf1e3][%mdl 32] [#]} Qc7 $146 ({Predecessor:} 11... Nc6 12. Nf1 Bg6 13. Ng3 Nh5 14. Nxe5 Nxe5 15. Nxh5 Bxh5 16. Qxh5 Nxd3 17. Rd1 Nxc1 18. Raxc1 {1-0 (87) Obrusnik,M (2268)-Przybylski,W (2320) Katowice 2017}) 12. Nf1 Rfd8 13. Ne3 Nc6 14. g4 Bg6 15. h4 h5 16. g5 Nh7 17. Nh2 Kh8 {[#]} 18. f4 $1 {[%mdl 576] Decoy} exf4 19. Nd5 Qd7 20. Nxf4 ({Don't do} 20. Bxf4 $6 f6 $16) 20... Ne5 21. Bd5 Nf8 22. Be3 Ng4 (22... Rac8 {was called for.} 23. b4 Re8) 23. Nxg4 $18 Qxg4+ 24. Qxg4 hxg4 25. Kg2 ({Resist} 25. Bxb7 $6 Rab8 $18) 25... Bh7 26. Bxf7 g6 27. Re2 Kg7 28. Bd5 Rab8 29. Rf1 Bg8 30. Ref2 Rd7 31. Kg3 Re8 32. Kxg4 Bxd5 33. Nxd5 Bd8 34. c4 Ne6 35. Bd2 Nd4 36. Bc3 Rh8 37. Nf4 {Threatening mate with Ne6+.} Re8 38. Ne2 Bb6 39. a5 {[%cal Ba4a5,Ba5a6][%mdl 32]} Bd8 40. Nxd4 cxd4 41. Bxd4+ {[%mdl 64] [#] Double Attack} Kg8 42. b4 {[%cal Bb2b4,Bb4b5][%mdl 32]} b6 43. a6 Rc7 44. b5 Rd7 45. h5 gxh5+ 46. Kxh5 Rh7+ 47. Kg4 Be7 48. Bf6 Bxf6 49. Rxf6 {[%mdl 4096] Endgame KRR-KRR} Rd7 50. Rg6+ Kh7 51. Rff6 Red8 52. Kf5 Kh8 53. Rh6+ Rh7 54. Rxh7+ {White mates.} Kxh7 55. Rf7+ {[%mdl 64] Double Attack} Kg8 56. Rxa7 {Black did not feel at home in the position after the opening.  Weighted Error Value: White=0.02/Black=0.23} 1-0

[Event "Chinese-ch Men 2020"]
[Site "Xinghua"]
[Date "2020.12.19"]
[Round "1.5"]
[White "Xu, Yinglun"]
[Black "Wen, Yang"]
[Result "0-1"]
[WhiteElo "2554"]
[BlackElo "2594"]
[Annotator "TA"]
[PlyCount "78"]
[EventDate "2020.12.19"]
[EventType "tourn"]
[EventCountry "CHN"]
[SourceTitle "playchess.com"]
[Source "ChessBase"]
[SourceQuality "1"]

{[%evp 22,78,12,11,4,10,11,12,21,0,0,-2,12,0,2,0,0,0,-4,-7,3,-18,21,7,10,-13,18,0,17,0,0,0,25,9,49,35,38,0,0,0,0,0,0,0,0,0,0,0,0,0,0,0,0,-156,-40,-708,-700,-827,-801]} 1. c4 e6 2. Nf3 Nf6 3. Nc3 d5 4. d4 c6 5. Bg5 Nbd7 6. cxd5 exd5 7. Qc2 Be7 8. e3 Nh5 9. Bxe7 Qxe7 10. O-O-O Nb6 11. h3 g6 12. Bd3 Ng7 {D36: Queen's Gambit Declined: Exchange Variation: Main line (5 Bg5 c6 6 Qc2).} 13. g4 Be6 {13...Bd7 is vanishing.} 14. Kb1 O-O-O {The position is equal.} 15. Be2 Kb8 16. Ne5 Bc8 {[#]} 17. a4 $146 ({Predecessor:} 17. Rc1 Nd7 18. Nd3 h5 19. Nf4 hxg4 20. Bxg4 Nf6 21. Bxc8 Rxc8 22. Nd3 Nf5 23. Rce1 {1-0 (36) Rietze,C (2339)-Behling,R (2098) Innsbruck 2018}) 17... f6 18. Nd3 Nc4 19. Ka1 Ne6 20. b3 Nd6 21. Rb1 h5 22. gxh5 gxh5 (22... Ne4 $5 {[%cal Re4c3]} 23. Rb2 gxh5 $11) 23. h4 Ne4 {[#] aiming for ...Nxc3.} 24. Kb2 b6 {[%cal Bb7b6,Bb6c5,Bc5c4][%mdl 32]} 25. Rhe1 c5 26. dxc5 $1 bxc5 27. Ka2 Nxc3+ 28. Qxc3 Bb7 29. b4 {[%cal Rb4c5]} c4 30. Nc5 $1 Nxc5 31. bxc5 {Strongly threatening c6.} Ka8 $1 32. Bf3 Rc8 33. Rb5 Bc6 $36 {[%mdl 2048] Black fights for an advantage.} 34. Reb1 Qe5 35. Qb4 {Threatens to win with Rb7!} Qc7 36. Rd1 Rhd8 37. Rd4 $2 {[#]} (37. Qa5 $11) 37... Qh2 (37... c3 $1 $17 {...Qh2 is the strong threat.} 38. Qxc3 Bxb5 {[%mdl 64] Discovered Attack} 39. axb5 Qxc5) 38. Qb2 $2 {[%mdl 8192]} (38. Ra5 $15) 38... Bxb5 $19 {[%mdl 64] Discovered Attack} 39. Rxd5 Rxd5 {Accuracy: White = 79%, Black = 79%.} 0-1

[Event "Chinese-ch Men 2020"]
[Site "Xinghua"]
[Date "2020.12.19"]
[Round "1.6"]
[White "Zhao, Jun"]
[Black "Yu, Yangyi"]
[Result "1/2-1/2"]
[WhiteElo "2638"]
[BlackElo "2709"]
[Annotator "TA"]
[PlyCount "80"]
[EventDate "2020.12.19"]
[EventType "tourn"]
[EventCountry "CHN"]
[SourceTitle "playchess.com"]
[Source "ChessBase"]
[SourceQuality "1"]

{[%evp 19,80,-22,-10,-45,-46,-50,0,0,0,0,0,0,8,-9,-10,-30,-42,-31,-31,-38,-22,-41,-48,-40,-39,-59,-2,-2,-2,-4,-6,-6,-18,-15,0,0,0,0,0,0,0,0,0,0,0,0,0,0,0,0,0,0,0,0,0,0,0,0,0,0,0,0,0]} 1. d4 Nf6 2. Nf3 d5 3. c4 e6 4. Nc3 dxc4 5. g3 Bb4 6. Bg2 O-O 7. O-O Nc6 8. Bg5 h6 9. Bxf6 Qxf6 10. e3 Rb8 11. Rc1 {E20: Nimzo-Indian: 4 g3 and 4 f3.} b5 12. b3 {[#]} Na5 $146 ({Predecessor:} 12... Qe7 13. bxc4 bxc4 14. Qa4 Rb6 15. Rfd1 Bd7 16. Qc2 Ba3 17. Rb1 Rfb8 18. Qe2 Na5 {0-1 (35) Valerga,D (2477)-Acosta,P (2346) Villa Martelli 2016}) 13. bxc4 Bxc3 14. Rxc3 {And now cxb5 would win.} Nxc4 15. Nd2 Rb6 (15... Ba6 {feels hotter.} 16. Ne4 Qe7 17. Nc5 b4 18. Rb3 Bc8) 16. Nxc4 bxc4 17. Qf3 Qe7 18. Rfc1 Ba6 19. Bf1 c5 20. Bxc4 cxd4 21. exd4 Bb7 22. d5 Rd8 (22... Rd6 $15 23. Qe4 Bxd5 24. Bxd5 Rxd5) 23. Qe3 $11 {The position is equal.} Bxd5 24. Bxd5 Rxd5 25. Rc8+ Kh7 26. R8c7 $1 {[%cal Rc7e7]} Qf6 27. Rxa7 Rb2 28. Rcc7 $1 {[%cal Rc7f7]} Rd1+ 29. Kg2 {[#]} Rdd2 $1 {[%cal Rd2f2][%mdl 512]} 30. Qe4+ Qf5 31. Qxf5+ exf5 32. Rxf7 Rxf2+ {[%mdl 4096] Endgame KRR-KRR} 33. Kg1 Rg2+ 34. Kf1 Rgf2+ 35. Kg1 Rg2+ 36. Kf1 Rxh2 {[%cal Rh2h1] [#]} 37. Rxg7+ Kh8 {[%cal Rh2h1]} 38. Kg1 Rhg2+ 39. Kf1 $1 Rgf2+ 40. Kg1 $1 Rg2+ {Weighted Error Value: White=0.04/Black=0.05} 1/2-1/2

[Event "Chinese-ch Men 2020"]
[Site "Xinghua"]
[Date "2020.12.20"]
[Round "2.1"]
[White "Xu, Xiangyu"]
[Black "Yu, Yangyi"]
[Result "0-1"]
[WhiteElo "2573"]
[BlackElo "2709"]
[Annotator "TA"]
[PlyCount "82"]
[EventDate "2020.12.19"]
[EventType "tourn"]
[EventCountry "CHN"]
[SourceTitle "playchess.com"]
[Source "ChessBase"]
[SourceQuality "1"]

{[%evp 10,82,25,8,2,22,16,0,-7,-3,0,0,0,0,0,0,0,-3,0,-7,0,0,0,0,0,0,0,-7,0,-26,-12,-16,-11,-70,-20,-27,-27,-79,-83,-108,-97,-339,-339,-345,-308,-308,-297,-291,-299,-306,-299,-327,-337,-339,-245,-269,-271,-296,-269,-370,-114,-123,-75,-89,-73,-37,-41,-166,-190,-304,-97,-654,-643,-571,-564]} 1. d4 d5 2. c4 e6 3. Nf3 Nd7 4. Nc3 Ngf6 5. cxd5 exd5 6. Bf4 Nb6 {D35: Queen's Gambit Declined: Exchange Variation.} 7. e3 {7.Qc2 is not played anymore.} Bf5 8. Bd3 (8. Be2 {is interesting.} c6 9. Nh4 Be6 10. Qc2 Ne4 11. Nf3) 8... Bxd3 {The position is equal.} 9. Qxd3 Bd6 10. Bg5 Be7 11. O-O O-O {[#]} 12. Bxf6 $146 ({Predecessor:} 12. a3 Ne4 13. Bxe7 Qxe7 14. Nd2 f5 15. b3 c6 16. Rfc1 Nd7 17. Nf3 f4 18. Re1 Rae8 19. exf4 Rxf4 {0-1 (58) Pacuraru,C (1453)-Gotin,E (1712) Varna 2009}) 12... Bxf6 13. b4 a6 14. Nd2 Be7 15. Rfb1 c6 16. a4 g6 17. g3 Re8 18. Ne2 Bd6 19. Kg2 Qe7 20. Qc3 h5 21. Nc1 (21. h4 $11) 21... Nd7 {[%cal Bb6d7,Bd7f6,Bf6h5][%mdl 32]} 22. Nd3 Nf6 23. Re1 (23. h4 $11) 23... h4 24. f3 hxg3 25. h3 $2 (25. hxg3 $17 a5 26. bxa5) 25... Nh5 $19 26. e4 Bf4 27. Nb3 {Now exd5 and White clings on.} Qg5 ({Much less strong is} 27... dxe4 28. Rxe4 Qg5 29. Nbc5 $19) 28. Re2 Re7 29. Rae1 Rae8 30. Qb2 Qh4 31. Nbc5 Nf6 32. Nxf4 Qxf4 33. e5 Nh5 34. Qd2 Qh4 $2 {[#]} (34... f6 $19 {White must now prevent ...Qh4.} 35. Kg1 Qh4) 35. Re4 $1 $17 {[%mdl 512]} dxe4 36. Rxe4 {[#]} Rxe5 $1 37. dxe5 Rd8 38. Qe3 (38. Nd7 $1 $15 Qe7 39. Rd4) 38... Qe7 $36 {[%mdl 2048] Keeping White busy.} 39. e6 {[#]} (39. a5 $142) 39... Qf6 $2 ({Wrong is} 39... Rd1 $2 40. exf7+ Qxf7 41. Re8+ Kh7 {[#]} 42. Re7 $1 $18 {[%mdl 512]}) (39... f5 $1 $19 {[%cal Rf5e4] is more deadly.} 40. Rc4 Qf6) 40. e7 $2 {[%mdl 8192]} (40. exf7+ $17 Kxf7 41. Re5) 40... Qb2+ 41. Qe2 Qxe2+ {Weighted Error Value: White=0.45/Black=0.21} 0-1

[Event "Chinese-ch Men 2020"]
[Site "Xinghua"]
[Date "2020.12.20"]
[Round "2.2"]
[White "Wen, Yang"]
[Black "Zhao, Jun"]
[Result "1/2-1/2"]
[WhiteElo "2594"]
[BlackElo "2638"]
[Annotator "TA"]
[PlyCount "60"]
[EventDate "2020.12.19"]
[EventType "tourn"]
[EventCountry "CHN"]
[SourceTitle "playchess.com"]
[Source "ChessBase"]
[SourceQuality "1"]

{[%evp 24,60,0,0,10,-5,0,0,0,0,0,0,0,-6,0,0,0,0,0,0,0,0,0,0,0,0,0,0,0,0,0,0,0,0,0,0,0,0,0]} 1. d4 d5 2. Nf3 Nf6 3. c4 c6 4. cxd5 cxd5 5. Nc3 Nc6 6. Bf4 Bf5 7. e3 e6 8. Bd3 Bxd3 9. Qxd3 Bd6 10. Bxd6 Qxd6 11. O-O O-O 12. Rfc1 Rfc8 13. h3 {The position is equal.} Nd7 {D14: Slav Defence: Exchange variation with ...Bf5.} 14. Nd2 h6 15. a3 Ne7 16. Rc2 Rc6 17. Rac1 Rac8 18. Ne2 Rxc2 19. Rxc2 Rxc2 20. Qxc2 Qc6 21. Qxc6 Nxc6 $11 {[%mdl 4096] Endgame KNN-KNN} 22. Nc3 Kf8 23. Kf1 Ke7 24. Ke2 a6 25. Kd3 Kd6 26. f4 f5 {[#]} 27. Nf3 $146 ({Predecessor:} 27. Ne2 Nf6 {½-½ (27) Li,C (2720)-Bu,X (2705) Doha 2016}) 27... Nf6 28. Ne5 Ne4 29. Nxc6 Kxc6 30. b3 Nxc3 {Not much happened in this game.  Weighted Error Value: White=0.01/Black=0.01} 1/2-1/2

[Event "Chinese-ch Men 2020"]
[Site "Xinghua"]
[Date "2020.12.20"]
[Round "2.3"]
[White "Zhang, Rui"]
[Black "Xu, Yinglun"]
[Result "0-1"]
[WhiteElo "1658"]
[BlackElo "2554"]
[Annotator "TA"]
[PlyCount "150"]
[EventDate "2020.12.19"]
[EventType "tourn"]
[EventCountry "CHN"]
[SourceTitle "playchess.com"]
[Source "ChessBase"]
[SourceQuality "1"]

{[%evp 21,150,-21,-25,-26,-23,-23,-25,-26,-18,-16,-19,-7,0,0,0,0,0,0,0,0,0,0,0,0,0,0,0,0,0,0,0,0,0,0,17,22,15,0,0,0,0,-17,-10,-10,0,0,0,0,0,0,0,-2,0,0,7,0,0,0,0,0,0,0,0,-56,-60,-38,0,0,0,-19,0,0,0,-20,0,-56,-29,-16,-28,-75,-85,-57,-58,-66,-33,-424,-303,-260,-165,-785,-685,-1052,-1021,-1114,-1019,-855,-891,-876,-858,-791,-854,-1509,-1408,-3583,-2618,-2166,-1406,-29969,-29970,-29972,-29973,-29973,-29973,-29973,-29974,-29974,-29969,-29976,-29975,-29980,-29981,-29984,-29984,-29984,-29978,-29978,-29979,-29979,-29977,-29977,-29976]} 1. e4 c5 2. c3 d5 3. exd5 Qxd5 4. d4 Nf6 5. Nf3 e6 6. Be2 Nc6 7. O-O cxd4 8. cxd4 Be7 9. Nc3 Qd6 10. h3 O-O 11. Be3 b6 12. Qa4 {B22: Sicilian: 2 c3.} Bb7 {[#]} 13. Ba6 $146 ({Predecessor:} 13. Rac1 a6 14. Rfd1 Nb4 15. Ne5 Nbd5 16. Bf3 Nxc3 17. bxc3 b5 18. Qb3 Bxf3 19. Nxf3 Rfc8 {0-1 (80) Klyuner,V (2395)-Koch,T (2426) Germany 2005}) 13... Bxa6 14. Qxa6 {Black has an edge.} Nb4 15. Qe2 h6 16. Ne5 Rac8 17. Rac1 a5 18. a3 Nbd5 19. Nb5 Qb8 20. Qf3 Qb7 21. a4 Rxc1 22. Rxc1 Rc8 23. Rc4 Rxc4 24. Nxc4 Qc8 25. b3 Ne8 26. Qg3 Kf8 27. Bf4 g5 28. Be5 f6 29. Bb8 h5 {White must now prevent ...h4.} 30. Ba7 Bd8 31. Qb8 Qxb8 32. Bxb8 h4 33. Kf1 Ke7 34. Ke2 Kd7 35. Ne3 Nb4 36. Kd2 Be7 37. Bh2 Ng7 38. Nc2 Nd5 39. Ne3 Bb4+ 40. Kd3 Ne7 41. Nc2 Nh5 42. Nc3 (42. Nxb4 $11 axb4 43. Nd6) 42... Bxc3 $15 43. Kxc3 {[%mdl 4096] Endgame KBN-KNN} Kc6 44. Ne3 b5 45. Kd2 f5 46. Be5 Ng6 47. Bb8 Nhf4 48. Kc2 ({Better is} 48. f3 $11) 48... Kb7 49. Bd6 Ne2 50. Kd3 Ngf4+ 51. Bxf4 Nxf4+ $17 {KN-KN} 52. Kd2 $1 Kc6 (52... g4 $5 53. hxg4 (53. axb5 $2 Nxg2 54. Nf1 gxh3 $19) 53... Nxg2 $15) 53. Kc3 $2 {[%mdl 8192] Loses the game.} ({White should try} 53. f3 $1 $15) 53... g4 54. hxg4 Nxg2 55. Nf1 $2 ({Wrong is} 55. Nxg2 $2 b4+ 56. Kd2 h3 $19) (55. g5 Nf4 56. Kd2) 55... fxg4 $19 56. Nh2 bxa4 57. bxa4 {[#]} Ne3 $1 {[%mdl 512]} 58. Kd3 {[#]} (58. fxe3 g3) 58... g3 $1 59. fxg3 hxg3 60. Nf3 Nd1 61. Kc2 {[#] Cut Off at move 61} Nf2 $1 62. Ne1 Kd5 63. Kc3 Nd1+ 64. Kc2 {[#]} Ne3+ $1 {Black mates.} 65. Kd3 g2 66. Nf3 Nf5 67. Ng1 Nxd4 68. Ke3 Kc4 69. Kf2 Kb4 70. Kxg2 Kxa4 71. Kf2 Kb3 72. Ke3 e5 73. Nh3 a4 {[%cal Ba5a4,Ba4a3,Ba3a2][%mdl 32]} 74. Nf2 a3 75. Nd3 a2 {Weighted Error Value: White=0.47/Black=0.08} 0-1

[Event "Chinese-ch Men 2020"]
[Site "Xinghua"]
[Date "2020.12.20"]
[Round "2.5"]
[White "Huang, Renjie"]
[Black "Wei, Yi"]
[Result "0-1"]
[WhiteElo "2422"]
[BlackElo "2732"]
[Annotator "TA"]
[PlyCount "74"]
[EventDate "2020.12.19"]
[EventType "tourn"]
[EventCountry "CHN"]
[SourceTitle "playchess.com"]
[Source "ChessBase"]
[SourceQuality "1"]

{[%evp 13,74,0,16,-14,-11,-27,-25,-36,-10,-35,-31,-39,-33,-26,-21,-56,-62,-63,-58,-89,-93,-122,-121,-126,-120,-113,-107,-190,-132,-176,-169,-168,-164,-206,-181,-228,-161,-201,-164,-177,-129,-189,-181,-225,-168,-159,-158,-150,-133,-370,-281,-322,-316,-297,-227,-910,-914,-29988,-29989,-29989,-29990,-29990,-29991]} 1. e4 c5 2. Nf3 Nc6 3. Bb5 g6 4. O-O Bg7 5. c3 e5 6. d3 Nge7 7. Be3 d6 8. Qd2 {B31: Sicilian: 2...Nc6 3 Bb5 g6.} Bg4 9. Ne1 O-O 10. Na3 {[#] Black has an edge.} b6 $146 ({Predecessor:} 10... a6 11. Ba4 Be6 12. Nf3 b5 13. Bd1 Rc8 14. Re1 Qc7 15. Bh6 Bxh6 16. Qxh6 f6 {½-½ (51) Csoke,K (2295)-Turzo,A (2265) Hungary 1995}) 11. h3 Be6 12. Bh6 d5 13. Bxg7 Kxg7 14. Qe2 Qc7 15. Nf3 f6 16. Bxc6 Qxc6 17. b3 g5 18. Kh2 Ng6 19. Ng1 Rad8 20. g3 {[#]} (20. Rad1 $17) 20... Rd6 ({Better is} 20... h5 $1 $19 {[%mdl 512]} 21. c4 (21. Qxh5 g4) 21... d4) 21. exd5 Rxd5 22. Rad1 Rfd8 23. c4 R5d7 24. Rd2 a6 25. Nc2 Rd6 $40 {[%mdl 128] Black is out for blood.} 26. Rfd1 Qd7 27. Ne3 {[#]} (27. Qh5 $17 {is a better defense.}) 27... h5 $1 $19 {[%mdl 512]} 28. Qf3 (28. Qxh5 g4) 28... f5 29. Qxh5 Rh8 30. Qxg5 {[#] Strongly threatening Nf3.} f4 $1 31. gxf4 $2 {Loses the game.} (31. h4 $17 {was forced.} fxe3 32. Qxe3) 31... exf4 {[%cal Re6h3]} 32. Ng2 Bxh3 33. Nxf4 {[%cal Rg1h3]} Bg4+ 34. Kg2 $2 (34. Kg3 Bxd1 35. Rxd1) 34... Rf6 {[%cal Bd6f6,Bf6f5,Bf5e5][%mdl 32]} 35. Nd5 Bh3+ {Black mates.} 36. Kg3 Rf5 37. Qe3 Re5 {Weighted Error Value: White=0.58/Black=0.15} 0-1